[Event "Stay Safe Play From Home 150"]
[Site "T#646043Emanuel Laske"]
[Date "2020.05.14"]
[Round "8"]
[White "Tumnik_ad"]
[Black "Weltszmerc"]
[Result "0-1"]
[WhiteElo "1898"]
[BlackElo "2136"]
[Annotator "TA"]
[PlyCount "92"]
[EventDate "2020.05.14"]
[EventType "swiss (blitz)"]

{[%evp 9,92,-10,-11,-17,-12,-32,0,-44,-45,-59,-25,-26,-26,-36,-25,-41,-21,-29,0,-10,10,-41,-19,-102,-97,-98,-87,-129,-99,-96,-37,-35,-35,-52,-65,-64,-55,-61,-22,-25,-21,-24,-31,-84,-76,-81,-67,-76,-45,-292,-285,-316,-216,-214,-120,-206,-190,-101,-209,-316,-239,-387,-306,-279,-273,-458,-458,-1921,-1707,-12829,-6705,-29971,-29972,-29977,-29978,-29977,-29979,-29979,-29978,-29979,-12816,-876,-830,-29996,-1642]} 1. c3 b6 2. d3 Bb7 3. Nd2 e6 4. Ngf3 d5 5. g3 Nf6 6. Bg2 {[#] A00: Irregular Openings.} Be7 $146 ({Predecessor:} 6... Bc5 7. O-O O-O 8. Qc2 a5 9. e4 dxe4 10. Nxe4 Nbd7 11. Ne5 Bxe4 12. Nxd7 Bxg2 13. Nxf6+ Qxf6 14. Kxg2 e5 15. Be3 {0-1 (74) Paulsen,D-Weidemann,J Wallrabenstein 1977}) 7. a4 a5 8. c4 {The position is equal.} O-O 9. cxd5 Nxd5 10. O-O Nd7 11. b3 Bf6 12. d4 Nb4 (12... Nc3 $5 13. Qe1 $8 c5 $11) 13. Bb2 h6 14. Nc4 Re8 15. Nce5 (15. Qb1 $11) 15... Nxe5 16. Nxe5 (16. dxe5 $11 Be7 17. Qxd8 Rexd8 18. Rfd1) 16... Bxg2 $17 17. Kxg2 Qd5+ 18. Kg1 Bxe5 19. dxe5 Red8 (19... Rad8 $17 20. Qxd5 exd5) 20. Qxd5 $15 Rxd5 21. Rfd1 Rad8 22. Rxd5 Rxd5 {[%mdl 4096] Endgame KRB-KRN} 23. Kf1 Rd2 24. Bc3 Rc2 25. Bxb4 $1 axb4 $11 {KR-KR} 26. a5 ({White should try} 26. Rd1 $15) 26... bxa5 $17 27. Rxa5 Rc3 28. f4 Rxb3 29. Kf2 $2 {[#]} (29. Rc5 $1 $15) 29... Rc3 $1 $19 30. Ke1 c5 31. Kd2 c4 (31... g5 $19 32. e3 Kh7 33. fxg5 hxg5) 32. Rb5 (32. Rc5 $17) 32... Rb3 33. Rb8+ Kh7 34. Rb7 (34. Kc2 {might work better.}) 34... Kg6 35. g4 (35. Kc2 $142) 35... h5 36. gxh5+ Kxh5 37. Rxf7 $2 {[#]} (37. Kc2) 37... Rb2+ 38. Ke3 (38. Kd1 $142 b3 39. Rb7) 38... c3 39. Rxg7 c2 40. Kd2 b3 41. Rg1 Rb1 42. Rc1 Kg4 43. e3 Kf5 44. h4 Kg4 (44... Ke4 $142 45. Rxc2 bxc2 46. Kxc2 Rh1 47. h5 Kxe3 48. h6 Rxh6 49. Kc3 Kxf4 50. Kc4 Kxe5 51. Kd3 Kf4 52. Kd2 e5 53. Kc2 e4 54. Kd2 e3+ 55. Kd3 Rg6 56. Kd4 e2 57. Kd5 e1=Q 58. Kc4 Rb6 59. Kd4 Rc6 60. Kd5 Qe4#) 45. h5 b2 46. Kxc2 bxc1=Q+ {Accuracy: White = 42%, Black = 68%.} 0-1

[Event "Stay Safe Play From Home 150"]
[Site "T#646043Emanuel Laske"]
[Date "2020.05.14"]
[Round "8"]
[White "Klausen"]
[Black "Ironmike"]
[Result "1-0"]
[WhiteElo "1888"]
[BlackElo "1803"]
[Annotator "NA RC"]
[PlyCount "49"]
[EventDate "2020.05.14"]
[EventType "swiss (blitz)"]

1. Nf3 {[%emt 0:00:02]} d5 {[%emt 0:00:01]} 2. d4 {[%emt 0:00:01]} c6 {[%emt 0:00:02]} 3. e3 {[%emt 0:00:02]} Bg4 {[%emt 0:00:04]} 4. Bd3 {[%emt 0:00:01]} Nf6 {[%emt 0:00:01]} 5. O-O {[%emt 0:00:02]} Nbd7 {[%emt 0:00:03]} 6. c4 {[%emt 0:00:01]} e6 {[%emt 0:00:01]} 7. Nbd2 {[%emt 0:00:01]} Bd6 {[%emt 0:00:06]} 8. Qc2 {[%emt 0:00:02]} Rc8 {[%emt 0:00:01]} 9. b3 {[%emt 0:00:02]} Bb8 {[%emt 0:00:01]} 10. Bb2 {[%emt 0:00:02]} b6 {[%emt 0:00:01]} 11. Rac1 {[%emt 0:00:07]} Qe7 {[%emt 0:00:02]} 12. Ne5 {[%emt 0:00:07]} Nxe5 {[%emt 0:00:03]} 13. dxe5 {[%emt 0:00:02]} Nd7 {[%emt 0:00:00]} 14. cxd5 {[%emt 0:00:06]} exd5 {[%emt 0:00:05]} 15. f4 {[%emt 0:00:02]} O-O {[%emt 0:00:02]} 16. Bxh7+ {[%emt 0:00:06]} Kh8 {[%emt 0:00:01]} 17. Bf5 {[%emt 0:00:03]} Bh5 {[%emt 0:00:06]} 18. g4 {[%emt 0:00:07]} Bg6 {[%emt 0:00:06]} 19. Bxg6 {[%emt 0:00:03]} fxg6 {[%emt 0:00:00]} 20. Qxg6 {[%emt 0:00:03]} c5 {[%emt 0:00:04]} 21. Nf3 {[%emt 0:00:13]} Rfe8 {[%emt 0:00:15]} 22. Ng5 {[%emt 0:00:04]} Nf8 {[%emt 0:00:00]} 23. Qh5+ {[%emt 0:00:10]} Kg8 {[%emt 0:00:01]} 24. e6 {[%emt 0:00:13]} g6 {[%emt 0:00:02]} 25. Qh8# {[%emt 0:00:04] (Lag: Av=0.34s, max=1.0s)} 1-0

[Event "Stay Safe Play From Home 150"]
[Site "T#646043Emanuel Laske"]
[Date "2020.05.14"]
[Round "8"]
[White "Dukic"]
[Black "Edmatuag"]
[Result "1-0"]
[WhiteElo "1773"]
[BlackElo "1700"]
[Annotator "NA RC"]
[PlyCount "43"]
[EventDate "2020.05.14"]
[EventType "swiss (blitz)"]

1. c4 {[%emt 0:00:05]} c6 {[%emt 0:00:03]} 2. Nc3 {[%emt 0:00:01]} d5 {[%emt 0:00:02]} 3. cxd5 {[%emt 0:00:01]} cxd5 {[%emt 0:00:01]} 4. d4 {[%emt 0:00:01]} Nc6 {[%emt 0:00:01]} 5. Nf3 {[%emt 0:00:02]} Bf5 {[%emt 0:00:02]} 6. Bf4 {[%emt 0:00:04]} e6 {[%emt 0:00:01]} 7. e3 {[%emt 0:00:01]} Bd6 {[%emt 0:00:02]} 8. Qb3 {[%emt 0:00:10]} Bxf4 {[%emt 0:00:14]} 9. Qxb7 {[%emt 0:00:15]} Nge7 {[%emt 0:00:45]} 10. exf4 {[%emt 0:00:07]} Rb8 {[%emt 0:00:01]} 11. Qa6 {[%emt 0:00:06]} Rxb2 {[%emt 0:00:02]} 12. Bb5 {[%emt 0:00:04]} Qb6 {[%emt 0:00:11]} 13. Qa4 {[%emt 0:00:09]} Bc2 {[%emt 0:00:09]} 14. Qa6 {[%emt 0:00:27]} Be4 {[%emt 0:00:40]} 15. Qxb6 {[%emt 0:00:16]} axb6 {[%emt 0:00:04]} 16. Ne5 {[%emt 0:00:01]} Rxb5 {[%emt 0:00:15]} 17. Nxb5 {[%emt 0:00:04]} Bxg2 {[%emt 0:00:07]} 18. Rg1 {[%emt 0:00:02]} Be4 {[%emt 0:00:02]} 19. Rxg7 {[%emt 0:00:10]} Bg6 {[%emt 0:00:02]} 20. Nd6+ {[%emt 0:00:21]} Kf8 {[%emt 0:00:06]} 21. Rxf7+ {[%emt 0:00:11]} Bxf7 {[%emt 0:00:04]} 22. Ndxf7 {[%emt 0:00:06] Time (Lag: Av=0.34s, max=0.4s)} 1-0

[Event "Stay Safe Play From Home 150"]
[Site "T#646043Emanuel Laske"]
[Date "2020.05.14"]
[Round "8"]
[White "Lucknow"]
[Black "Mruzic"]
[Result "1-0"]
[WhiteElo "1773"]
[BlackElo "1738"]
[Annotator "NA RC"]
[PlyCount "93"]
[EventDate "2020.05.14"]
[EventType "swiss (blitz)"]

1. d4 {[%emt 0:00:02]} Nf6 {[%emt 0:00:02]} 2. c4 {[%emt 0:00:01]} g6 {[%emt 0:00:01]} 3. Nc3 {[%emt 0:00:01]} Bg7 {[%emt 0:00:00]} 4. e4 {[%emt 0:00:01]} d6 {[%emt 0:00:00]} 5. f3 {[%emt 0:00:01]} O-O {[%emt 0:00:00]} 6. Be3 {[%emt 0:00:00]} Nc6 {[%emt 0:00:02]} 7. Nge2 {[%emt 0:00:01]} e5 {[%emt 0:00:01]} 8. d5 {[%emt 0:00:02]} Ne7 {[%emt 0:00:01]} 9. Ng3 {[%emt 0:00:01]} a6 {[%emt 0:00:02]} 10. Bd3 {[%emt 0:00:01]} Bd7 {[%emt 0:00:01]} 11. O-O {[%emt 0:00:02]} Qc8 {[%emt 0:00:03]} 12. Qd2 {[%emt 0:00:02]} Ne8 {[%emt 0:00:02]} 13. Rac1 {[%emt 0:00:02]} f5 {[%emt 0:00:05]} 14. exf5 {[%emt 0:00:01]} gxf5 {[%emt 0:00:01]} 15. Nh5 {[%emt 0:00:01]} f4 {[%emt 0:00:03]} 16. Bf2 {[%emt 0:00:01]} Bf5 {[%emt 0:00:08]} 17. Nxg7 {[%emt 0:00:04]} Nxg7 {[%emt 0:00:02]} 18. Ne4 {[%emt 0:00:02]} b6 {[%emt 0:00:02]} 19. b4 {[%emt 0:00:02]} Qd7 {[%emt 0:00:17]} 20. Rfd1 {[%emt 0:00:15]} a5 {[%emt 0:00:10]} 21. a3 {[%emt 0:00:02]} axb4 {[%emt 0:00:02]} 22. axb4 {[%emt 0:00:00]} Ra3 {[%emt 0:00:04]} 23. c5 {[%emt 0:00:02]} bxc5 {[%emt 0:00:06]} 24. bxc5 {[%emt 0:00:00]} Rfa8 {[%emt 0:00:04]} 25. Nf6+ {[%emt 0:00:09]} Kf7 {[%emt 0:00:05]} 26. Nxd7 {[%emt 0:00:01]} Rxd3 {[%emt 0:00:04]} 27. Qxd3 {[%emt 0:00:01]} Bxd3 {[%emt 0:00:02]} 28. Rxd3 {[%emt 0:00:01]} dxc5 {[%emt 0:00:01]} 29. Nxc5 {[%emt 0:00:03]} Rd8 {[%emt 0:00:02]} 30. Nb7 {[%emt 0:00:06]} Rxd5 {[%emt 0:00:06]} 31. Rxd5 {[%emt 0:00:03]} Nxd5 {[%emt 0:00:02]} 32. Kf1 {[%emt 0:00:07]} Ke6 {[%emt 0:00:02]} 33. Nc5+ {[%emt 0:00:03]} Kd6 {[%emt 0:00:02]} 34. Ne4+ {[%emt 0:00:01]} Kd7 {[%emt 0:00:06]} 35. Rd1 {[%emt 0:00:09]} Ke6 {[%emt 0:00:04]} 36. Ng5+ {[%emt 0:00:08]} Kd6 {[%emt 0:00:05]} 37. Nxh7 {[%emt 0:00:02]} Nf5 {[%emt 0:00:02]} 38. Nf6 {[%emt 0:00:02]} Nfe7 {[%emt 0:00:01]} 39. Nxd5 {[%emt 0:00:02]} Nxd5 {[%emt 0:00:01]} 40. h4 {[%emt 0:00:01]} c5 {[%emt 0:00:03]} 41. h5 {[%emt 0:00:04]} c4 {[%emt 0:00:01]} 42. Rxd5+ {[%emt 0:00:03]} Kxd5 {[%emt 0:00:01]} 43. h6 {[%emt 0:00:03]} e4 {[%emt 0:00:01]} 44. Ke1 {[%emt 0:00:01]} e3 {[%emt 0:00:01]} 45. Bxe3 {[%emt 0:00:01]} fxe3 {[%emt 0:00:01]} 46. h7 {[%emt 0:00:01]} Kd4 {[%emt 0:00:00]} 47. h8=Q+ {[%emt 0:00:01] Mruzic resigns (Lag: Av=0.43s, max=0.9s)} 1-0

[Event "Stay Safe Play From Home 150"]
[Site "T#646043Emanuel Laske"]
[Date "2020.05.14"]
[Round "9"]
[White "Lamborghini"]
[Black "Haris kollari 13"]
[Result "1-0"]
[WhiteElo "2206"]
[BlackElo "1970"]
[Annotator "TA"]
[PlyCount "81"]
[EventDate "2020.05.14"]
[EventType "swiss (blitz)"]

{[%evp 15,80,10,12,-39,41,37,31,22,35,17,55,51,55,23,84,63,100,104,140,124,235,214,238,87,257,76,144,80,164,-62,-47,-59,-62,-75,-62,-35,-70,-24,-45,-39,-52,-67,-68,-102,-40,-97,33,48,1787,1768,1704,1689,1688,1653,1870,1868,29995,29989,29995,29996,29998,29997,29999,29999,29999,29999,29999]} 1. e4 e6 2. d4 d5 3. Nc3 Nf6 4. Bg5 Be7 5. e5 Nfd7 6. Bxe7 Qxe7 7. f4 a6 8. Nf3 c5 9. Bd3 {C14: French: Classical System: 4 Bg5 Be7 main line.} (9. dxc5 $11 Nc6 10. Qd2) 9... c4 (9... cxd4 $1 $15 10. Ne2 Qb4+ 11. Kf2 Qxb2) 10. Be2 $14 b5 11. O-O {White is slightly better.} Nc6 12. Qe1 {[#]} Nb6 $146 ({Predecessor:} 12... f6 13. f5 O-O 14. fxe6 Qxe6 15. exf6 Nxf6 16. Qd2 Bb7 17. Rae1 Qd6 18. Nh4 b4 19. Nd1 Ne4 20. Qe3 Rxf1+ 21. Rxf1 Rf8 {½-½ (21) Pokorny,A-Kulisan,J Pilsen 1911}) 13. Nd1 Bd7 14. Ne3 h6 (14... Qb4 $11) 15. Rf2 O-O-O 16. c3 Rdf8 17. b3 f6 (17... Kc7 $16) 18. bxc4 $18 bxc4 19. a4 $2 (19. Nh4 $18 {has better winning chances.}) 19... a5 $2 (19... fxe5 $16 {keeps fighting.} 20. fxe5 Na5) 20. Bf1 $2 (20. Nh4 $18 {is more deadly.}) 20... Kc7 ({Black should play} 20... f5) 21. Rb2 (21. exf6 $142 gxf6 22. Rb2) 21... fxe5 {[#]} (21... f5 $16 {might work better.}) 22. dxe5 $2 (22. fxe5 $6 Rb8 $14) (22. f5 $1 $18) 22... Rxf4 $15 23. Nc2 {Qe3 is the strong threat.} Rb8 24. Qe3 g5 25. Rab1 {[%cal Rb2b6]} Nc8 {Strongly threatening ...Rxb2.} 26. Rxb8 Nxb8 27. Ncd4 Bxa4 28. g3 Re4 29. Qc1 Qc5 (29... Nc6 $17 30. Ra1 (30. Qb2 Bb3 $15) 30... g4 31. Nxc6 (31. Nd2 Rxd4 32. Rxa4 Nb6 $17) 31... Bxc6) 30. Qd2 (30. Qb2 $1 $15 Nb6 31. Qf2) 30... Bb3 (30... Bd7 $17 31. Bg2 (31. Qb2 Qa7 $17) 31... a4) 31. Kh1 $36 {[%mdl 2048] White is pushing.} a4 $2 {[%mdl 8192]} (31... Qb6 $14) 32. Nxe6+ $18 {[%mdl 64] [#] Double Attack} Kb6 33. Nxc5 Kxc5 34. Qf2+ Kb5 35. Nd4+ Ka5 36. Qf8 {White mates.} Rxe5 37. Qxc8 Re3 38. Qxb8 {[%csl Gd4][%cal Rb8b5]} Rxc3 39. Qb7 {[%cal Rd4c6]} a3 40. Nc6+ Ka4 41. Qb4# {Accuracy: White = 54%, Black = 25%.} 1-0

[Event "Stay Safe Play From Home 150"]
[Site "T#646043Emanuel Laske"]
[Date "2020.05.14"]
[Round "9"]
[White "Weltszmerc"]
[Black "MartinKestler"]
[Result "1-0"]
[WhiteElo "2143"]
[BlackElo "1936"]
[Annotator "TA"]
[PlyCount "39"]
[EventDate "2020.05.14"]
[EventType "swiss (blitz)"]

{[%evp 16,39,67,67,80,77,89,77,94,12,21,-60,-16,-17,-16,-21,-19,-66,72,49,84,51,491,83,327,283]} 1. d4 d6 2. c4 Nf6 3. Nc3 Nbd7 4. e4 g6 5. Nge2 Bg7 6. f3 O-O 7. Be3 c5 8. Qd2 cxd4 9. Nxd4 a6 {E81: King's Indian: Sämisch: 6th move deviations (including 6 Be3 c6).} 10. Be2 {[#]} b6 $146 ({Predecessor:} 10... Re8 11. O-O b6 12. a4 Bb7 13. a5 Rc8 14. Rfd1 Nh5 15. Nb3 Nc5 16. Qc2 Ba8 17. Ra3 Nxb3 18. Bxb6 {1-0 (37) Postny,E (2585)-Fejzullahu,A (2341) Aix les Bains 2011}) 11. Nc6 Qe8 {White is better.} 12. b4 ({Better is} 12. Nd5 $16 {Black must now prevent Nc7.} Nxd5 13. cxd5) 12... Bb7 $11 13. b5 (13. Nd4 $1 $11) 13... axb5 (13... Bxc6 $5 14. bxc6 Nc5 $15) 14. cxb5 Bxc6 15. bxc6 Nc5 {[#] And now ...Nb3! would win.} 16. Bb5 Qc8 (16... Nb3 $1 $15 {keeps the upper hand.} 17. Qb2 Nxa1) 17. O-O $36 {[%mdl 2048] White has good play.} Ne8 18. Nd5 Bf6 $2 {[%mdl 8192]} (18... Qd8 $1 $14) 19. Bd4 $2 {[#]} (19. e5 $18 Bh4 20. Bh6) 19... Kg7 $2 (19... Bxd4+ $16 20. Qxd4 Qd8) 20. Nxb6 {Accuracy: White = 28%, Black = 31%.} 1-0

[Event "Stay Safe Play From Home 150"]
[Site "T#646043Emanuel Laske"]
[Date "2020.05.14"]
[Round "9"]
[White "Don59as"]
[Black "Klausen"]
[Result "1/2-1/2"]
[WhiteElo "2055"]
[BlackElo "1901"]
[Annotator "TA"]
[PlyCount "127"]
[EventDate "2020.05.14"]
[EventType "swiss (blitz)"]

{[%evp 16,127,34,28,35,-6,45,0,0,0,0,0,0,0,7,0,0,-13,-15,-41,-12,-9,0,-2,0,-1,0,-12,-9,-25,-24,-20,-20,-24,-20,-31,0,-10,-10,-10,-17,-17,-3,-62,0,-873,-873,-873,-873,-921,-914,-912,-896,-867,-856,-916,-902,-979,-967,-4476,-3252,-5381,-5293,-29965,-29966,-29981,-29982,-29982,-29983,-29986,-29987,-29987,-29988,-29990,-29991,-29991,-29991,-29991,-29987,-29987,-29988,-29991,-29992,-29992,-29993,-29995,-29992,-29992,-29993,-29993,-29994,-29994,-29995,-29995,-29995,-29995,-29995,-29995,-29994,-29994,-29994,-29994,-29995,-29995,-29996,-29997,-29996,-29996,-29997,-29997,-29997,-29997,-29998,-29998]} 1. c4 e6 2. b3 d5 3. Bb2 Nf6 4. g3 Be7 5. Bg2 O-O 6. Nf3 c5 7. cxd5 Nxd5 8. O-O Nc6 9. d4 b6 {A14: English Opening: 1...e6 with b3 by White.} 10. e4 Nf6 {[#]} (10... Nc7 $11) 11. Re1 $146 (11. d5 $5 exd5 12. exd5 Nxd5 13. Ne5 Nxe5 14. Bxd5 $14) ({Predecessor:} 11. d5 exd5 12. exd5 Nb4 13. Ne5 Ba6 14. a3 Bxf1 15. Kxf1 Nbxd5 16. Nd2 Rc8 17. Qc2 {0-1 (32) Koczo,K (2244)-Denisov,I (2189) Budapest 2009}) 11... cxd4 {The position is equal.} 12. Nxd4 Nxd4 13. e5 Nd5 {And now ...Nf5 would win.} 14. Qxd4 Bb7 15. Nc3 Bc5 16. Qd2 Nxc3 17. Qxc3 Bxg2 18. Kxg2 Rc8 {Hoping for ...Bxf2!} 19. Rad1 Qe7 {White must now prevent ...Bxf2!} 20. Qf3 Rfd8 21. Rxd8+ Rxd8 22. Re2 h6 23. h4 Rd5 24. Qe4 Qd7 25. b4 Bd4 (25... Bf8 {seems wilder.} 26. Rc2 a5 27. bxa5 Rxa5 28. Bc1 Bc5) 26. Bxd4 Rxd4 $11 {[%mdl 4096] Endgame KQR-KQR} 27. Qa8+ Kh7 28. a3 Rd5 29. Re3 ({White should play} 29. h5 $11) 29... Qc7 ({Better is} 29... h5 $15) 30. Qf8 $2 {[%mdl 8192] Black keeps a firm grip on the game.} (30. h5 $11) 30... Rd8 $19 31. Qxd8 Qxd8 {KQ-KR} 32. f4 Qd2+ 33. Kf3 Qd5+ 34. Kf2 f6 35. exf6 gxf6 36. g4 h5 37. g5 fxg5 38. hxg5 Kg6 39. Kg3 Qf5 {Black mates.} 40. Rf3 Qg4+ 41. Kf2 h4 42. f5+ exf5 43. Re3 h3 44. Re6+ Kxg5 45. Re8 Qg2+ 46. Ke3 {[#]} Qe4+ $1 {[%mdl 64] Promotion} 47. Rxe4 fxe4 {KP-KP} 48. Kf2 Kf4 49. Kg1 e3 50. a4 e2 51. Kf2 h2 52. a5 h1=Q {[%csl Gh1][%cal Re2e1]} 53. Kxe2 Qe4+ {[%mdl 64] [#] Double Attack} 54. Kd2 Qxb4+ {[%mdl 64] Double Attack} 55. Kd3 Qxa5 56. Kc4 Qa4+ 57. Kd5 b5 58. Kc5 b4 59. Kc4 b3+ 60. Kc3 Qa3 61. Kd2 b2 62. Kc2 Qa1 63. Kc3 b1=Q+ 64. Kc4 {[%mdl 32768] Accuracy: White = 76%, Black = 82%. . An unexpected result.} 1/2-1/2

[Event "Stay Safe Play From Home 150"]
[Site "T#646043Emanuel Laske"]
[Date "2020.05.14"]
[Round "9"]
[White "Position"]
[Black "Sfantul321"]
[Result "0-1"]
[WhiteElo "2054"]
[BlackElo "2053"]
[Annotator "TA"]
[PlyCount "42"]
[EventDate "2020.05.14"]
[EventType "swiss (blitz)"]

{[%evp 9,42,1,17,0,28,33,29,12,7,-39,-20,-19,-24,-81,-28,-28,-26,-40,-27,-45,-28,-43,40,-65,-27,-34,-50,-189,-186,-502,-495,-516,-533,-545,-549]} 1. e4 e5 2. Nf3 Nf6 3. d4 Nxe4 4. Bd3 d5 5. dxe5 Be7 6. O-O {C43: Petroff Defence: 3 d4.} Bg4 7. h3 Bh5 {[#]} 8. Nbd2 $146 {White has an edge.} ({Predecessor:} 8. Re1 Nc6 9. Nc3 Bg6 10. Bd2 Nxd2 11. Qxd2 d4 12. Ne4 O-O 13. a3 Qd5 14. Qf4 {1-0 (43) Kamsky,G (2714)-Carlsen,M (2714) Khanty-Mansiysk 2007}) 8... Nc5 9. Re1 Nxd3 10. cxd3 Nc6 11. d4 {[#]} (11. Nf1 $11 {keeps the balance.}) 11... Nxd4 $1 {[%mdl 512]} 12. Qa4+ $11 (12. Nxd4 Bxd1) 12... Nc6 13. Nd4 $1 Qd7 {aiming for ...Nxd4.} 14. e6 fxe6 15. Nxe6 Kf7 (15... Bf7 $1 $15 16. Nc5 Qc8) 16. Nf3 ({White should play} 16. Nf4 $14 Bg6 17. Nf3) 16... Bxf3 17. Qf4+ {[%mdl 64] [#] Double Attack} Bf6 $1 {And now ...Be4 would win.} 18. Qxf3 {This costs White the game.} ({White must play} 18. Ng5+ $1 $15 Kg8 19. Nxf3) 18... Rhe8 $36 {[%mdl 2048] Black has strong initiative.} 19. Bg5 $2 (19. Ng5+ Kg8 20. Rxe8+ Rxe8 21. Qd1) 19... Rxe6 {Black is clearly winning.} 20. Bxf6 Rxf6 21. Qh5+ Kg8 {Accuracy: White = 44%, Black = 63%.} 0-1

[Event "Stay Safe Play From Home 150"]
[Site "T#646043Emanuel Laske"]
[Date "2020.05.14"]
[Round "9"]
[White "Klari64"]
[Black "Little champs"]
[Result "1-0"]
[WhiteElo "2041"]
[BlackElo "2234"]
[Annotator "TA"]
[PlyCount "105"]
[EventDate "2020.05.14"]
[EventType "swiss (blitz)"]

{[%evp 9,104,52,98,52,67,56,74,46,114,94,99,91,150,133,159,86,188,174,336,316,339,331,572,539,539,437,875,859,906,675,754,712,818,693,788,791,824,655,629,625,1291,1229,1725,1159,1471,2008,1976,2016,1912,1912,1862,1727,29971,29971,29976,29977,29975,29976,29978,29979,29980,29981,29980,29981,29982,29982,29986,29986,29988,29989,29989,29990,29991,29991,29992,29991,29991,29990,29990,29991,29992,29993,29993,29993,29993,29991,29994,29994,29996,29997,29997,29998,29998,29998,29999,29999,29999]} 1. d4 c6 2. c4 d5 3. Nf3 dxc4 4. e3 Nf6 5. Bxc4 g6 6. Nc3 {D11: Slav Defence: 3 Nf3 sidelines and 3...Nf6 4 e3 Bg4.} (6. O-O {looks sharper.} Bg7 7. Qc2 O-O 8. e4 e5 9. dxe5 Ng4 10. Nc3) 6... Bg7 7. O-O O-O 8. Qe2 {White is better.} a6 {[#]} (8... Bg4 $14) 9. Rd1 $146 ({Predecessor:} 9. h3 Bd7 10. e4 e6 11. Bf4 Qb6 12. Rfd1 Bc8 13. Rac1 Nbd7 14. Bb3 Re8 15. Be3 {1-0 (42) Feletar,D (2435)-Razsits,G Kaposvar 2000}) 9... b5 {[#]} 10. Bb3 $1 Bb7 (10... a5 $142) 11. e4 $16 Qc7 {[#]} 12. Bg5 (12. e5 $142 $1) 12... Rd8 (12... c5 $16) 13. Rac1 {Hoping for e5.} Nbd7 $2 {[#]} (13... c5 14. Bxf6 Bxf6) 14. Nd5 $1 {[%mdl 512]} Nxd5 (14... cxd5 15. Rxc7) 15. exd5 Qb6 $2 (15... Nf6 {was called for.} 16. dxc6 Bc8) 16. dxc6 $18 Bxc6 17. Qxe7 Rf8 (17... Bxf3 $142 18. Qxf7+ Kh8) 18. d5 Rae8 19. Rxc6 Rxe7 20. Rxb6 Re4 21. Rd6 Ne5 22. Nxe5 Bxe5 23. Rd8 Rxd8 24. Bxd8 Bxb2 25. d6 Bd4 26. d7 Kg7 27. Ba5 Bf6 {[#]} 28. Bc3 $1 {[%mdl 576] Deflection, Promotion} Bxc3 29. d8=Q {[%mdl 4096] Endgame} Bf6 30. Qd2 b4 31. Re1 {White mates.} Bc3 {[#]} 32. Qxc3+ $1 bxc3 33. Rxe4 f5 34. Rc4 Kf6 35. Rxc3 Ke5 36. Kf1 Kd4 37. Rc7 Kd3 38. Rxh7 f4 39. Ra7 Kc3 40. Rxa6 g5 41. f3 g4 42. Kf2 gxf3 43. h3 fxg2 44. Kxg2 f3+ 45. Kxf3 Kb4 46. h4 Kb5 {[#]} 47. h5 $1 Kb4 48. h6 Kc3 49. h7 Kd3 50. h8=Q {[%cal Ra6d6]} Kd2 51. Qd4+ Ke1 52. Re6+ Kf1 53. Bc4# {Accuracy: White = 74%, Black = 22%.} 1-0

[Event "Stay Safe Play From Home 150"]
[Site "T#646043Emanuel Laske"]
[Date "2020.05.14"]
[Round "9"]
[White "Lazieri3"]
[Black "Tumnik_ad"]
[Result "0-1"]
[WhiteElo "1986"]
[BlackElo "1891"]
[Annotator "TA"]
[PlyCount "60"]
[EventDate "2020.05.14"]
[EventType "swiss (blitz)"]

{[%evp 9,59,-55,-43,-47,-44,-60,0,-63,-21,-81,-81,-68,-59,-144,-148,-162,-147,-196,-196,-201,-192,-297,-299,-375,-363,-508,-502,-906,-882,-870,-800,-806,-794,-771,-770,-904,-903,-917,-907,-997,-988,-1017,-1010,-1144,-1139,-1083,-1086,-29982,-29982,-29996,-29990,-29999]} 1. e4 e6 2. Nc3 b6 3. Nf3 Bb7 4. d4 Bb4 5. d5 Nf6 6. dxe6 {B00: Queen's Fianchetto Defence, Nimzowitsch Defence.} fxe6 {[#]} 7. Bd3 $146 ({Predecessor:} 7. Bd2 Bxc3 8. Bxc3 d5 9. Ng5 Nxe4 10. Nxe6 Qe7 11. Nxg7+ Kd7 12. Qg4+ Kd8 13. Ne6+ {1-0 (20) Tiedemann,J (2097)-Pieleck,R (1661) Remote email 2012}) 7... O-O ({Better is} 7... Bxc3+ $15 8. bxc3 Bxe4) 8. Bg5 (8. Qe2 $11) 8... h6 9. Bh4 (9. Bd2 $11 {remains equal.}) 9... g5 $17 10. Bg3 Nxe4 11. O-O {White is on the road to losing.} ({White should play} 11. Bxe4 $15 Bxe4 12. h4) 11... Nxc3 12. bxc3 Bxc3 13. Rb1 {[#]} Bxf3 $1 14. gxf3 Nc6 {[%cal Bb8c6,Bc6d4,Bd4f3][%mdl 32]} 15. Be4 (15. Rb3 $142 Bg7 16. c3) 15... d5 $19 16. Bd3 Qf6 17. Qe2 Nd4 18. Qe3 {[#]} (18. Qd1 $142) 18... Bd2 $1 {[%mdl 512]} 19. Be5 (19. Qxd2 Nxf3+) 19... Qxe5 {[%mdl 64] Deflection, Decoy} 20. Qxe5 Nxf3+ {[%mdl 64] Double Attack} 21. Kg2 Nxe5 22. Rbd1 Nxd3 23. Rxd2 Nf4+ 24. Kg3 c5 25. h4 Kg7 26. hxg5 hxg5 27. Rh1 Rh8 28. Re1 Kf6 {Black mates.} 29. c4 Kf5 {[%csl Gf4][%cal Rh8h3]} 30. cxd5 Rh3# {Accuracy: White = 26%, Black = 79%.} 0-1